Netter. (Registro nro. 3050)

Detalles MARC
000 -LEADER
fixed length control field 01083nam a2200325 a 4500
005 - FECHA ULTIMA MODIFICACION
control field 20240806105435.0
008 - CAMPO DE CONTROL (LIBRO)
fixed length control field 100706e2014||||sp a f |||| 00| 0 spa d
020 ## - INTERNATIONAL STANDARD BOOK NUMBER
ISBN 9789871981311
041 ## - CODIGO DE IDIOMA
Código de idioma del texto/pista de sonido o título separado spa
092 ## - SIGNATURA TOPOGRAFICA DEWEY LOCAL
número de clasificación 616.075
libristica 55
sección NET
245 ## - TITULO PROPIAMENTE DICHO
Título Netter.
Subtítulo y Título paralelo Introducción al Diagnóstico por Imágenes /
Mención de responsabilidad y remanente de la transcripción de la portada Larry R. Cochard
250 ## - MENCION DE EDICION
Mención de edición 1a ed.
260 3# - PIE DE IMPRENTA
Lugar de publicación, distribución, etc Buenos Aires:
Nombre de la editorial, distribuidor, etc Journal;
Fecha de publicación 2014.
300 ## - DESCRIPCION FISICA
Extension 280 p.
Dimensiones 21x28 cm.
500 ## - NOTA GENERAL
Nota general Cochard, L. R. et al. (2014). Netter. Introducción al diagnóstico por imágenes. (1a ed.). Buenos Aires : Journal.
653 ## - TÉRMINO INDIZADO - PALABRAS CLAVES
Palabra clave Introducción a las técnicas de Diagnóstico por imágenes
653 ## - TÉRMINO INDIZADO - PALABRAS CLAVES
Palabra clave Columna vertebral y médula espinal
653 ## - TÉRMINO INDIZADO - PALABRAS CLAVES
Palabra clave Tórax
653 ## - TÉRMINO INDIZADO - PALABRAS CLAVES
Palabra clave Abdomen
653 ## - TÉRMINO INDIZADO - PALABRAS CLAVES
Palabra clave Pelvis y perineo
653 ## - TÉRMINO INDIZADO - PALABRAS CLAVES
Palabra clave Miembros superiores
653 ## - TÉRMINO INDIZADO - PALABRAS CLAVES
Palabra clave Miembros inferiores
653 ## - TÉRMINO INDIZADO - PALABRAS CLAVES
Palabra clave Cabeza y cuello
700 1# - ENTRADAS SECUNDARIAS - NOMBRE PERSONAL
Nombre personal Cochard, Larry R.
9 (RLIN) 4091
700 1# - ENTRADAS SECUNDARIAS - NOMBRE PERSONAL
Nombre personal Goodhartz, Lori A.
9 (RLIN) 4092
700 1# - ENTRADAS SECUNDARIAS - NOMBRE PERSONAL
Nombre personal Harmath, Carla B.
9 (RLIN) 4093
700 1# - ENTRADAS SECUNDARIAS - NOMBRE PERSONAL
Nombre personal Major, Nancy M.
9 (RLIN) 4094
700 1# - ENTRADAS SECUNDARIAS - NOMBRE PERSONAL
Nombre personal Mukundan, Srinivasan
9 (RLIN) 4095
942 ## - ADDED ENTRY ELEMENTS (KOHA)
Source of classification or shelving scheme Dewey Decimal Classification
Item type Libros
Existencias
Estado de retiro Existencia Fuente de clasificación Estado general No para prestamo Colección Ubicación permanente ubicación actual Sala de ubicación Fecha de adquisición Fuente de adquisición Total Checkouts Número de clasificación Código de barras Date last seen Date last borrowed Número de ejemplar Price effective from Koha tipo de elemento (item) Public note Coded location qualifier Costo, precio normal de compra Total Renewals Checked out
    Dewey Decimal Classification     Reference Biblioteca Medicina Biblioteca Medicina Referencia 14/11/2019 Compra Facimed. Dic. 2021 25 616.075 55 NET 4596 21/04/2025 16/04/2025 Ej.1 14/11/2019 Reference Libro de Consulta. Compra Facimed. Diciembre 2021.        
    Dewey Decimal Classification       Biblioteca Medicina Biblioteca Medicina Circulación 17/02/2022 Compra Facimed, Diciembre 2021 68 616.075 55 NET 4694 16/04/2026 10/04/2026 Ej.2 17/02/2022 Libros Compra Facimed, Diciembre 2021   2050.00 12  
    Dewey Decimal Classification       Biblioteca Medicina Biblioteca Medicina Circulación 17/02/2022 Compra Facimed, Diciembre 2021 69 616.075 55 NET 4695 21/05/2026 21/05/2026 Ej.3 17/02/2022 Libros Compra Facimed, Diciembre 2021   2050.00 9 05/06/2026
    Dewey Decimal Classification       Biblioteca Medicina Biblioteca Medicina Circulación 17/02/2022 Compra Facimed, Diciembre 2021 68 616.075 55 NET 4696 22/05/2026 19/05/2026 Ej.4 17/02/2022 Libros Compra Facimed, Diciembre 2021   2050.00 16  
    Dewey Decimal Classification       Biblioteca Medicina Biblioteca Medicina Circulación 17/02/2022 Compra Facimed, Diciembre 2021 74 616.075 55 NET 4697 19/05/2026 19/05/2026 Ej.5 17/02/2022 Libros Compra Facimed, Diciembre 2021   2050.00 12 05/06/2026
    Dewey Decimal Classification       Biblioteca Medicina Biblioteca Medicina Circulación 01/11/2022 Donación Profesor Nahuel Tadeo Pérez, 01 Noviembre 2022 61 616.075 55 NET 4802 16/04/2026 10/04/2026 Ej.6 01/11/2022 Libros Donación Profesor Nahuel Tadeo Pérez, 01 Noviembre 2022     7  

UNIVERSIDAD NACIONAL DEL COMAHUE
Biblioteca de la Facultad de Ciencias Médicas
Sede Toschi: Los Arrayanes y Av. Toschi, Cipolletti  - Rio Negro
Sede Los Tordos:  Yrigoyen al 2211, Cipolletti - Rio Negro 

Teléfono: 0299 - 4774707 int 25
Contacto: biblioteca@facimed.uncoma.edu.ar
© 2011 - 2026